| 000 | 00814cam a22002175a 4500 | ||
|---|---|---|---|
| 001 | L155517 | ||
| 008 | 120327s1813 xxk f 000 0 eng d | ||
| 035 | _a(Sirsi) u155517 | ||
| 041 | 0 | _aeng | |
| 100 | 1 |
_aYoung, Arthur _d1741-1820 |
|
| 245 | 0 | 0 |
_aGeneral view of the agriculture of Lincolnshire _bdrawn up for the consideration of the Board of Agriculture and Internal Improvement by the secretary of the Board |
| 250 | _a2nd ed. | ||
| 260 |
_aLondon _bPrinted for Sherwood, Neely, and Jones _c1813 |
||
| 300 |
_avii, 490 p., [16] leaves of plates _bill., maps, port., plans _c23 cm. |
||
| 520 | _aArthur Young was secretary of the Board. | ||
| 583 |
_aCondition reviewed _c20120620 _lcondition level 1 |
||
| 651 | 4 |
_aEngland _y886- |
|
| 690 |
_aRural _96268 |
||
| 710 | 1 | _aBoard of Agriculture | |
| 942 | _n0 | ||
| 999 |
_c113627 _d113627 |
||